| 000 | 01134cam a2200265 i 4500 | ||
|---|---|---|---|
| 003 | SA-RiAUC | ||
| 005 | 20241214055525.0 | ||
| 008 | 241212s1998 su f 000 0bara c | ||
| 040 |
_aSA-RiIMS _bara _cSA-RiAUC _erda |
||
| 082 | 0 | 4 | _a234.65 |
| 090 |
_a234.65 _bس م ا |
||
| 100 | 1 |
_aالسماري، منصور بن عبد العزيز، _d1384 هجري- _eمؤلف. |
|
| 245 | 1 | 2 |
_aالشيخ عبد الرحمن المعلمي وجهوده في السنة ورجالها / _cمنصور بن عبد العزيز السماري. |
| 250 | _aالطبعة الأولى. | ||
| 264 | 1 |
_aالخبر، السعودية : _bدار ابن عفان للنشر والتوزيع، _c1998 |
|
| 300 |
_a354 صفحة ؛ _c24 سم. |
||
| 336 |
_aنص _btxt _2rdacontent _3كتاب |
||
| 337 |
_aبدون وسيط _bn _2rdamedia |
||
| 338 |
_aمجلد _bnc _2rdacarrier |
||
| 490 | 0 |
_aرسائل جامعية ؛ _v7 |
|
| 600 | 1 | 7 |
_aالمعلمي، عبد الرحمن بن يحيى بن علي، _d1313-1386 هجري _2aucnm |
| 650 | 7 |
_aالمحدثون _vتراجم _2aucsh |
|
| 942 |
_2ddc _cBOOK _n0 |
||
| 949 |
_aSA-JeALM _d241212 _umohamedma123 _n1 |
||
| 999 |
_c3459 _d3459 |
||